000 00468nam a2200193Ia 4500
003 GCL
008 140319s9999 xx 000 0 eng d
040 _aGCL /
_cGCL
082 0 4 _a759
_bG M
100 1 _aGOWING, LAWRENCE
245 1 0 _aMATISSE /
_cGOWING, LAWRENCE
260 _a[S.N] :
_bTHAMES AND HUDSON ،
_c1993
300 _a216
650 0 4 _aARTS
650 0 4 _aPAINTING
650 0 4 _aPAINTERS
650 0 4 _aMATISSE, HENRI, 1869 - 1954
942 _2ddc
_cBK
999 _c18770
_d18770